Obre la teva biblioteca = Abre tu biblioteca
Descripción Física:
1 tríptic ; il. col. ; 21 x 15 cm.
Idioma:
Catalán , Español
MARC
| LEADER | 00000nam a22000007a 4500 | ||
|---|---|---|---|
| 001 | 27020, 27021 | ||
| 003 | Arxiu | ||
| 005 | 20260324181145.0 | ||
| 008 | 221123b spa||||| |||| 00| 0 cat d | ||
| 017 | |a B 1951-2016 | ||
| 040 | |a agdb |b cat | ||
| 041 | |a cat |a spa | ||
| 245 | |a Obre la teva biblioteca = Abre tu biblioteca | ||
| 260 | |a Barcelona : |b Diputació de Barcelona. Gerència de Serveis de Biblioteques ; |c 2016 | ||
| 300 | |a 1 tríptic ; |b il. col. ; |c 21 x 15 cm. | ||
| 610 | 1 | 0 | |a Barcelona (Catalunya : Província). |b Xarxa de Biblioteques Municipals |v Guies |
| 710 | 1 | |a Barcelona (Catalunya : Província). |b Gerència de Serveis de Biblioteques |9 52661 | |
| 942 | |2 udc |c ARXIU |n 1 | ||
| 952 | |0 0 |1 0 |2 udc |4 0 |6 FU7356 |7 1 |9 64308 |a Arxiu |b Arxiu |d 2022-11-23 |l 0 |o FU-73-56 |p 27020 |r 2022-11-23 00:00:00 |w 2022-11-23 |y ARXIU | ||
| 952 | |0 0 |1 0 |2 udc |4 0 |6 FU7357 |7 1 |9 64309 |a Arxiu |b Arxiu |d 2022-11-23 |l 0 |o FU-73-57 |p 27021 |r 2022-11-23 00:00:00 |w 2022-11-23 |y ARXIU | ||
| 999 | |c 82772 |d 82772 | ||